000 00715nam a2200217 i 4500
001 72888
003 ES-MaACL
005 20250928133410.0
007 t|
008 040903s1967 sp ||||1| spa d
080 _a929 Pinzón, Martín Alonso
080 _a910.4(7/8)"14"
100 1 _aGómez, Domingo.
_957755
245 1 0 _aQuién fue y qué hizo Martín Alonso Pinzón /
_cDomingo Gómez, "Flery".
260 _aHuelva :
_b[s.n.,
_c1967] (
_fTip. Girón)
300 _a170 p., [10] h. de lám. ;
_c21 cm.
600 1 4 _aPinzón, Martín Alonso,
_d1440?-1493
_9174385
651 4 _aAmérica-
_xDescubrimientos y exploraciones-
_xEspañoles.
_9138324
852 4 _aES-MaACL
_jC-31877
999 _c72888
_d72888